000 00268nam a22001337a 4500
003 SGT
082 _a370
_bM16S
100 _aSINGH, Y.K.
245 _aMICRO TEACHING
260 _aNEW DELHI
_bAPH PUB
_c2016
300 _a253
650 _aEDUCATION
942 _2ddc
_cBK
999 _c12708
_d12708